Statistics for Football players by club history

Click here to take the quiz!

General Stats

  • This quiz has been taken 77 times
  • The average score is 17 of 28

Answer Stats

HintAnswer% Correct
Sporting CP - Manchester United - Real Madrid C.F.Cristiano Ronaldo
100%
Santos - FC Barcelona - Paris Saint GermainNeymar
98%
FC BarcelonaLionel Messi / Andrés Iniesta / Sergio Busquets
97%
Schalke 04 - Werder Bremen - Real Madrid - ArsenalMesut Özil
85%
Znicz Pruszków - Lech Poznań - Borussia Dortmund - FC Bayern MunichRobert Lewandowski
85%
Manchester United - Juventus - Manchester UnitedPaul Pogba
84%
Monaco - Paris Saint GermainKylian Mbappé
81%
Cobreloa - Udinese - Colo Colo - River Plate - Barcelona - Arsenal - Manchester UnitedAlexis Sánchez
76%
River Plate - Real Madrid - Napoli - JuventusGonzalo Higuaín
74%
FC Groningen - PSV Eindhoven - Chelsea - Real Madrid C.F. - FC Bayern MunichArjen Robben
69%
FC Bayern Munich - Bayer Leverkusen - Real MadridToni Kroos
69%
Rosario Central - SL Benfica - Real Madrid C.F. - Manchester United - Paris Saint GermainÁngel Di María
68%
Danubio - Palermo - Napoli - Paris Saint-GermainEdison Cavani
68%
Lanceros Boyacá - River Plate - Porto - Atlético Madrid - AS Monaco - Manchester United - Chelsea - AS MonacoRadamel Falcao
63%
Nacional - FC Groningen - Ajax - Liverpool - FC BarcelonaLuis Suarez
58%
Pescara - Paris Saint GermainMarco Verratti
56%
Sao Paulo - Internacional - Chelsea - Shanghai SIPGOscar
56%
Sevilla FC - Real Madrid C.F.Sergio Ramos
56%
Vitória - Kawasaki Frontale - Consadole Sapporo - Tokyo Verdy - FC Porto - Zenit Saint Petersburg - Shanghai SIPGHulk
53%
Sporting CP - Manchester United - Fenerbahçe - Valencia - LazioLuís Nani
50%
C.S. Marítimo - FC Porto - Real Madrid C.F. - Beşiktaş J.K.Pepe
45%
Olympique Lyonnais - AS Monaco - Manchester UnitedAnthony Martial
44%
Genk - Chelsea - Atletico Madrid - ChelseaThibaut Courtois
39%
Kolubara - Kosice - Chelsea - Vitesse - Benfica - Chelsea - Manchester UnitedNemanja Matić
37%
Estudiantes - San Lorenzo - Napoli - Paris Saint Germain - Hebei China FortuneEzequiel Lavezzi
35%
Chmel Blšany - Sparta Prague - Sade Rennais FC - Chelsea - ArsenalPetr Čech
32%
Genoa C.F.C. - Calcio Padova - A.C. Milan - AS Monaco - AS RomaStephan El Shaarawy
19%
Benfica - Valencia - FC BarcelonaAndré Gomes
18%

Score Distribution

Percentile by Number Answered

Percent of People with Each Score

Your Score History

You have not taken this quiz